Score 0/40 Timer 06:00
1 Play Today
Hint 4-Letter Word % Correct
Tom Waits: 'I'll try my ____ to entertain you'●BEST●
95.1%
It holds your pants upBELT
94.6%
'Bat Out of Hell crooner': ___ LoafMEAT
93.1%
'Ripple' band: Grateful ___DEAD
92.2%
A cardinal directionWEST
92.1%
Johnny Cash walked this?LINE
90.4%
Nirvana: '____ we are now, entertain us'●HERE●
90.3%
Offer a contract for employmentHIRE
88.9%
Modern English will stop the world to do this with youMELT
88.3%
Prince's 'Purple ___'RAIN
87.4%
The iron road a train travels onRAIL
86.5%
A bucketPAIL
86.3%
Weller, Simon, Oakenfold or McCartney, e.g.PAUL
84.8%
Jackson 5: 'Cause we were ____ to entertain'●BORN●
84%
Before noon, poeticallyMORN
83.9%
Greater, additional, furtherMORE
83.6%
Lose steam, wear down, grow wearyTIRE
82.7%
Like music heard at any concert venueLIVE
81.7%
Bette Midler: 'Let me entertain you, and we'll have a ____ good time'●REAL●
80%
Sleater-Kinney: '__'__ not here 'cause we want to entertain'●WE'RE●
78.3%
Hint 4-Letter Word % Correct
RepastMEAL
77.7%
Psychedelic Furs: 'Entertain me, sing, ____ to me'●READ●
76.8%
Shakespear's Sister: 'Let me entertain you, is your ____ for hire'●LOVE●
75.1%
Archaic subjunctive past form of thou 'be'WERT
73.5%
Remits money for goods or servicesPAYS
72.6%
Claude Kelly: 'Let me entertain you, inspire you, ____ you'●MOVE●
70.8%
Bodies of water formed by inlets of landBAYS
69.2%
Birth name of Slash from Guns 'N RosesSAUL
68%
Elton John: 'I entertain by picking brains, sell my ____ by dropping names'●SOUL●
67.9%
Robbie Williams: 'You're my rock of empathy my ____, so come on let me entertain you'●DEAR●
67.6%
Hisses, jeers, catcalls, e.g.BOOS
67%
The Tragically Hip: 'If it's not a Canada of a ____, we'll entertain the idea of train'●PAIN●
66.4%
Morris Day's bandTIME
64.9%
Spanish word for 'country'PA‎ÍS
64.8%
A benefit or favourBOON
64.7%
Ideally, this is followed by women and songWINE
63.7%
Mötley Crüe: 'Have a drink on the ____, we'll entertain you in style'●BOYS●
60.8%
The ___ of the Ancient MarinerRIME
57.1%
Oasis: 'The world's as ____ as your life is thin, so entertain your goals'●WIDE●
52.1%
Eminem: 'I've come here for the ____, so let me entertain you'●RIDE●
45.5%

Today's Daily Dose

Missing Word
'T' Pairs

Word Ladder
Game Pieces

Get the Picture
Baseball Movies

Remove Ads.
Support Sporcle.
Get the best of Sporcle when you Go Orange. This ad-free experience offers more features, more stats, and more fun while also helping to support Sporcle. Thank you for becoming a member.

You're not logged in!

Compare scores with friends on all Sporcle quizzes.
OR
Log In

Show Comments

Extras

Top Quizzes Today


Score Distribution

Your Account Isn't Verified!

In order to create a playlist on Sporcle, you need to verify the email address you used during registration. Go to your Sporcle Settings to finish the process.

Report this User

Report this user for behavior that violates our Community Guidelines.

Details: